=LDR 00000nam 2200000 4500 =001 NUTBA000000000002511 =005 20140618135058.0 =006 =007 =008 =035 ##$$a 0010-061400000000454 =082 ##$$a 550 =100 ##$$a burnie, david =245 ##$$a lebih dekat dengan bumiku $b panduan bagi pelajar dan melestarika bumi =250 ##$$a pertama =260 ##$$a bandung $b grafindo media pratam =300 ##$$a 44 hlm =850 ##$$a NBPDMAT =990 ##$$a 21400613/BPAP-NTB/20142014